Quizzes
Events
Quiz Creation
Community
Videos
Private Events
Remove Ads
Sign In
Join for FREE
Feedback
Dark Mode
Quiz Categories
Sports
Geography
Music
Movies
Television
Just For Fun
Miscellaneous
History
Literature
Language
Science
Gaming
Entertainment
Religion
Holiday
For Kids
Quiz Lab
Recent
Popular Today
Quiz Kudos Today
Editor Picks
Curator Picks
Quizzes by...
Day
Popularity
Type
Ratings
Length
Year
Community
Subscriptions
Recent Discussions
Orange Saloon
Badges
Playlists
Quests
Create
Leaderboards
Showdown
Live 5
Trivia Bingo
Activity
Puzzle Library
Sporcle Events
Private Events
Virtual Trivia
Globe League
Become a Host
Pub Owners
SporcleCon
Opinionation
Our Games
Videos
Blog
Mobile Apps
Partnerships
Remove Ads and Go Orange
Feedback
Movies
Disney
Marvel Cinematic Universe
Movie Resume
Movie Titles
Oscar
Actor
Actress
Director
Pixar
Role
Movie Quotes
Movie Characters
Box Office
Nominee
Best Picture
Star Wars
James Bond
Horror Movies
Movies
Disney
Marvel Cinematic Universe
Movie Resume
Movie Titles
Oscar
Actor
Actress
Director
Pixar
Role
Movie Quotes
Movie Characters
Box Office
Nominee
Best Picture
Star Wars
James Bond
Horror Movies
Random Quiz
Search Sporcle
×
Curator Pick
Curator Pick
Movies
James Bond
Type answers based on single images at one time
Type answers based on single images at one time
Slideshow
Best Score? Go Orange.
Movies at the Half-Hour Mark (Bond, James Bond) Stats
Can you guess the following James Bond movies based on a screenshot taken at the 30-minute mark?
By
Year_of_Glad
5m
20 Questions
9,261 Plays
9,261 Plays
9,261 Plays
Comments
Comments
Give Quiz Kudos
Give Quiz Kudos
-
- Ratings
hide this ad
More Info
Replay
Link that replays current quiz
Next Quiz
Link to next quiz in quiz playlist
You Got
0%
They Got
Avg Score
66%
Avg Friend Score
Upgrade to see
Score Distribution
Jump to the score distribution portion of the page
Score
0/20
Timer
05:00
0
Plays Today
% Correct
Skyfall
92.7%
Goldfinger
85.4%
Spectre
84.9%
Goldeneye
80.7%
Casino Royale
79.1%
Dr. No
77%
On Her Majesty's Secret Service
74.4%
Tomorrow Never Dies
68.6%
Live and Let Die
67.8%
Licence to Kill
65.9%
% Correct
A View to a Kill
64.7%
Moonraker
61.3%
The Spy Who Loved Me
59.5%
Thunderball
58.3%
Octopussy
55.3%
The World Is Not Enough
55.3%
The Man With the Golden Gun
54.3%
Diamonds Are Forever
49.5%
You Only Live Twice
49.4%
For Your Eyes Only
42.1%
Quiz Playlist
Details
Report
Send in Message
Add To Playlist
More Info:
All movies contained in this quiz are part of the officially recognized Albert Broccoli-produced James Bond canon.
'Never Say Never Again' is not recognized.
Screenshot from each respective movie was taken between 30:00-30:59.
Slideshow:
Type answers based on single images at one time
Last Updated: Jul 25, 2017
Curator Pick in
James Bond
Quiz Scoreboard
CHALLENGE
Sign Up to Join the Scoreboard
Show All
Scores
Hide
Comments
May contain spoilers
Recently Published
9x9 Crossword: Cartoon Network
by jackfrog10
Miscellaneous
3m
College Basketball Coaching Resumes
by pancakes188
Sports
9m
Billboard Blitz: Fleetwood Mac
by CooCooCachoo
Music
15s
More to Explore
Quiz From the Vault
Featured Blog Post
Where Did the Easter Bunny Come From?
hide this ad
You Might Also Like...
Tags
James Bond Quiz
Movie Titles Quiz
half-hour
screenshot
Slideshow
Today's Top Quizzes in Movies
Browse Movies
hide this ad
Today's Top Quizzes in James Bond
Browse James Bond
Top Contributed Quizzes in Movies
1
Pick 5 Posters: Directed by Spielberg
2
7-to-1: Pixar Characters
3
Pick 5 Posters: Lowest-Rated Spielberg
4
Sorting Actors
5
Sorting Actresses
6
Pick 5 Posters: Directed by Scorsese
7
Hidden Star Wars Character II
8
Pick 5 Posters: Star & Director
9
Hidden Star Wars Character III
10
12 Movies about Fictional 1960s Events
Explore More
Trending Topics
Disney
NBA
Anime
Kpop
Crossword
Harry Potter
Marvel
NFL
Puzzle
Soccer
Song
Pokémon
The Office
WWE
Country
hide this ad
More By:
Year_of_Glad
Quiz
Plays
Rating
Category
Featured
Created
Movies at the Half-Hour Mark (Disney/Pixar)
121,092
4.69
Movies
Apr 11, 2017
Movies at the Half-Hour Mark (2000s)
104,945
4.06
Movies
Jan 27, 2017
Movies at the Half-Hour Mark (1980s)
88,699
4.52
Movies
Dec 2, 2016
Movies at the Half-Hour Mark (1990s)
85,045
4.15
Movies
Dec 2, 2016
Movies at the Half-Hour Mark (2000s II)
81,913
4.11
Movies
Mar 31, 2017
Go to Creator's Profile
Score Distribution
Quiz Creator Spotlight
Year_of_Glad
Follow
Send a Message
Quizzes Created
-
Created Quiz Play Count
-
More By This Creator
Popular Quizzes Today
1
Find the US States - No Outlines Minefield
2
Find the Countries of Europe - No Outlines Minefield
3
The Countries of the World
4
Find the US States
5
Risky Map Clicking: Biggest States A-Z
6
US States
7
Popular People in 1961
8
Movies - When Are They Set?
More Movies Quizzes
Movie Characters by First Names
Published
Trending Quizzes
Risky Map Clicking: Least Populous States A-Z
1-10 Letter G Words
1-10 Letter F Words
Risky Map Clicking: Next State Alphabetically
Adjectives in 80s TV Shows
Recently Updated
Leaping Animals
pecheneg
Reality TV Shows (A-Z)
bhenderson79
Rickey Henderson's Hall of Fame Teammates
pecheneg
Champions League XIs: Arsenal
pecheneg
Quick Pick: Celebrities in WWE's Hall of Fame
aduchscher
A-Z Keypad Blitz II
pecheneg
Multiple Oscar Actors
pecheneg
Mystery Phrase Blitz: Oscar 'Best Actors'
pecheneg
F. Scott Fitzgerald Novels
LTH
Pick 3 Villains
ddd62291
Trending Topics
Kpop
Disney
Crossword
NBA
Harry Potter
Marvel
Anime
Soccer
WWE
Puzzle
Song
NFL
Pokémon
Country
The Office
Your Account Isn't Verified!
In order to create a playlist on Sporcle, you need to verify the email address you used during registration. Go to your
Sporcle Settings
to finish the process.
Report this User
Report this user for behavior that violates our
Community Guidelines
.
Details:
Send Report
Go to the Sporcle.com Mobile Site →
Comments